Искусство кунг-фу монастыря Шаолинь: секреты самообороны, здоровья и просветления духа: пер. с англ.

Λεπτομέρειες βιβλιογραφικής εγγραφής
Κύριος συγγραφέας: Вон Кью Кит
Περίληψη:Эта уникальная и захватывающая книга, принадлежащая перу одного из наиболее известных и опытных мастеров китайских единоборств, представляет собой практическое и всеобъемлющее руководство по изучению мира кунг-фу и всех остальных искусств легендарного буддийского монастыря Шаолинь. В ней самым подробным образом описывается, как с помощью древних бесценных знаний мы можем обрести качественно новое физическое здоровье, жизнерадостность и духовную мудрость. Книга рассчитана на самые широкие круги читателей, интересующихся боевыми искусствами, оздоровительной гимнастикой, древней философией, религией и медициной Китая.
Γλώσσα:Ρωσικά
Έκδοση: Москва, Гранд, 2001
Σειρά:Боевые искусства
Θέματα:
Μορφή: MixedMaterials Βιβλίο
KOHA link:https://koha.lib.tpu.ru/cgi-bin/koha/opac-detail.pl?biblionumber=142843

MARC

LEADER 00000nam0a2200000 4500
001 142843
005 20231031142905.0
010 |a 5818300420 
035 |a (RuTPU)RU\TPU\book\154804 
090 |a 142843 
100 |a 20080912d2001 m y0rusy50 ca 
101 1 |a rus  |c eng 
102 |a RU 
105 |a a z 000zy 
200 1 |a Искусство кунг-фу монастыря Шаолинь: секреты самообороны, здоровья и просветления духа  |e пер. с англ.  |f Вон Кью Кит 
210 |a Москва  |c Гранд  |d 2001 
215 |a 320 с.  |c ил. 
225 1 |a Боевые искусства 
330 |a Эта уникальная и захватывающая книга, принадлежащая перу одного из наиболее известных и опытных мастеров китайских единоборств, представляет собой практическое и всеобъемлющее руководство по изучению мира кунг-фу и всех остальных искусств легендарного буддийского монастыря Шаолинь. В ней самым подробным образом описывается, как с помощью древних бесценных знаний мы можем обрести качественно новое физическое здоровье, жизнерадостность и духовную мудрость. Книга рассчитана на самые широкие круги читателей, интересующихся боевыми искусствами, оздоровительной гимнастикой, древней философией, религией и медициной Китая. 
610 1 |a спорт 
610 1 |a боевые искусства 
610 1 |a борьба 
610 1 |a Китай 
610 1 |a кунг-фу 
675 |a 796.85  |v 3 
700 1 |a Вон Кью Кит 
801 1 |a RU  |b 63413507  |c 20080912  |g PSBO 
801 2 |a RU  |b 63413507  |c 20081013  |g PSBO 
942 |c BK